<The> management of research and development in Hungary at the end of the 1980s.

Skúma sa inštitucionálny systém riadenia výskumu a vývoja v Maďarsku v nadväznosti na plány rozvoja vedy a techniky, ako aj negatívne dôsledky z požiadavky na prechod výskumu na samofinancovanie. Perspektívy výskumu a vývoja v nadväznosti na potreby podnikov a funkciu bánk pri systéme konkurzne udeľ...

ver descrição completa

Na minha lista:
Detalhes bibliográficos
Autor principal: Balázs, K.
Outros Autores: Hare, P., Oakey, R.
Formato: Capítulo de Livro
Idioma:inglês
Assuntos:
Tags: Adicionar Tag
Sem tags, seja o primeiro a adicionar uma tag!

MARC

LEADER 00000naa a2200000 4500
001 r001047
005 20220909074320.6
041 0 |a eng 
044 |a GB 
245 1 0 |a <The> management of research and development in Hungary at the end of the 1980s.  |c K. Balázs, P. Hare, R. Oakey 
520 |a Skúma sa inštitucionálny systém riadenia výskumu a vývoja v Maďarsku v nadväznosti na plány rozvoja vedy a techniky, ako aj negatívne dôsledky z požiadavky na prechod výskumu na samofinancovanie. Perspektívy výskumu a vývoja v nadväznosti na potreby podnikov a funkciu bánk pri systéme konkurzne udeľovaných dotácií. 
610 2 0 |a plán vedy a techniky 
610 2 0 |a riadenie 
610 2 0 |a výskum 
610 2 0 |a vývoj 
610 2 0 |a MR 
610 2 0 |a samofinancovanie 
610 2 0 |a banky 
610 2 0 |a dotácie 
100 1 |a Balázs, K. 
700 1 |a Hare, P. 
700 1 |a Oakey, R.